000 00457nam a2200181Ia 4500
005 20250326125952.0
008 250326s9999 xx 000 0 und d
037 _aTextbook
040 _aFMSL
_beng
_cFMSL
041 _aeng
_2eng
084 _aB28 N8
_qFMSL
100 _aWatts D G
245 0 _aFuture of statisties
_cWatts D G
260 _aNY
_bNY, Academic
_c1968
300 _a315p
942 _cTB
_hB28 N8
999 _c1280375
_d1280375